00618nam a2200241 a 4500001001300000003000900013005001700022008004100039020000800080082001300088100001700101245002000118260002700138300000900165500003500174505001600209650001300225700001700238902000800255942000700263952009100270999001500361nice12345678IN_TiNIC20260116011702.0050524s1971 bana grp 000 0 eng  ac900a230bSHA aSharpe, Eric aTheology of Hog aBangalorebCISRSc1971 a254p aincludes index and biblioraphy2 aIll, Index. aTheology1 aSharpe, Eric bSRS cBK 00104070aHMIbHMId2007-06-12g9.00l0o230 SHAp05778r2007-06-12w2026-01-16yEB c3399d3399